Kvalita modelovania procesov na úrovni IT Governance

Pravidlá pre modelovanie (Guidelines of Modeling - GoM). Rámec usmernení pre modelovanie. Workflow Management (riadenie pracovného toku). Simulácia podnikových procesov. Metamodelovanie a jeho využitie. Metamodel, ktorý zohľadňuje rôzne pohľady na modelovanie a riadi sa rámcom usmernení pre modelova...

Descrizione completa

Salvato in:
Dettagli Bibliografici
Autore principale: Filanová, Jana, 1967-
Natura: Capitolo di libro
Lingua:slovacco
Soggetti:
Tags: Aggiungi Tag
Nessun Tag, puoi essere il primo ad aggiungerne!!

MARC

LEADER 00000naa$a2200000$$$4500
001 0262452
005 20240502074155.7
041 0 |a slo 
044 |a SK 
245 1 0 |a Kvalita modelovania procesov na úrovni IT Governance  |c Jana Filanová 
520 |a Pravidlá pre modelovanie (Guidelines of Modeling - GoM). Rámec usmernení pre modelovanie. Workflow Management (riadenie pracovného toku). Simulácia podnikových procesov. Metamodelovanie a jeho využitie. Metamodel, ktorý zohľadňuje rôzne pohľady na modelovanie a riadi sa rámcom usmernení pre modelovanie GoM. 
610 2 0 |a modelovanie 
610 2 0 |a modely 
610 2 0 |a procesy podnikové 
610 2 0 |a systémy informačné 
100 1 |a Filanová, Jana, 1967-